| 000 | 00620nam a2200181Ia 4500 | ||
|---|---|---|---|
| 008 | 151018s9999 xx 000 0 und d | ||
| 082 |
_bRBASDV32073 _a891.463 |
||
| 100 |
_aदिलीप ollçç _ç³ç बर्वे |
||
| 245 | _aचंद्राकडे वाटचाल | ||
| 250 | _b1 | ||
| 260 |
_bमानस _c1996 |
||
| 300 | _a46 | ||
| 600 |
_aदिलीप ollçç _ç³ç बर्वे |
||
| 630 | _aचंद्राकडे वाटचाल | ||
| 700 |
_aदिलीप ollçç _ç³ç बर्वे |
||
| 730 | _aचंद्राकडे वाटचाल | ||
| 942 | _cBOOK | ||
| 999 |
_c1031599 _d1031596 |
||